Tratado jurisprudencial de Derecho Administrativo
Đã lưu trong:
| Tác giả chính: | |
|---|---|
| Định dạng: | Sách |
| Ngôn ngữ: | Tiếng Tây Ban Nha |
| Được phát hành: |
Santiago
Legal Publishing
2013
|
| Phiên bản: | 1a. ed |
| Những chủ đề: | |
| Các nhãn: |
Thêm thẻ
Không có thẻ, Là người đầu tiên thẻ bản ghi này!
|
MARC
| LEADER | 00000cam a2200000 a 4500 | ||
|---|---|---|---|
| 001 | UCE1065 | ||
| 003 | CL-VaPUC | ||
| 008 | 140324e20131100cl |||||||||||||||||spa|d | ||
| 020 | |a 9789563461299 | ||
| 082 | 0 | 4 | |a 342.06 |b CAM |2 21 |
| 100 | |a Camacho Cepeda, Gladys |e author |9 597894 | ||
| 245 | 1 | 0 | |a Tratado jurisprudencial de Derecho Administrativo |
| 250 | |a 1a. ed | ||
| 300 | |a t | ||
| 942 | |c BK | ||
| 945 | |d 20140324 12:18:00 |a dcastane | ||
| 260 | |a Santiago |b Legal Publishing |c 2013 | ||
| 500 | |a t.2 v.2: Ley Nº 20.285 sobre acceso a la información pública. Ley de Transparencia de la función pública y de acceso a la información de la administración del Estado | ||
| 650 | 0 | |a Derecho administrativo |9 254851 | |
| 650 | 0 | |a Derecho público |9 255910 | |
| 650 | 0 | |a Constitución política |9 336925 | |
| 650 | 0 | |a Jurisprudencia |9 255952 | |
| 583 | |a last modification |c 20140324 12:18:00 |k Rodrigo Vera | ||
| 999 | |c 355004 |d 355002 | ||
| 952 | |0 0 |1 0 |3 erb |4 0 |6 342_060000000000000_CAM_2013 |7 0 |8 A |9 461301 |a BIBDER |b BIBDER |h t.2 v.2 |i 5062306 |l 1 |o 342.06 CAM 2013 |p 5062306 |r 2023-11-24 |s 2023-11-24 |w 2019-11-23 |y BK |z Catalogado en:20140324 |k DER | ||